17th Symposium on Application of Plasma Processes SAPP Visegrad workshop on Research of Plasma Physics : book of contributed papers : Liptovsky Ján, Slovakia : January, 17-22, 2009 : Visegrad Fund

Bibliographic Details
Corporate Author: Symposium on Application of Plasma Processes Liptovský Ján, Slovensko
Other Authors: Papp, P. (Editor)
Format: Conference Proceeding Book
Language:English
PhysicalDescription:280 s. fotogr., grafy, tab. 21 cm
Published: Bratislava Comenius University 2009
ISBN:9788089186457
Edition:1st issue
Subjects:

MARC

LEADER 00000cam a2200000 a 4500
001 vtls010086193
003 SK-MaSNL
005 20260301030657.0
008 180730s2009 xo odl f 100 0 eng
015 |a SNBA2010/05-02827 
020 |a 9788089186457  |q (brož.) 
035 |a 7901869C-F2E2-46E5-81F5-4B5037CDFEB0 
035 |a urn:nbn:sk:snk-am008alr 
035 |a urn:nbn:sk:snk-amyfiw 
040 |a SNK  |b slo  |c SNK  |e AACR2 
041 0 |a eng  |b eng 
044 |a xo  |c SK 
072 7 |a 533  |x Mechanika plynov. Aeromechanika. Fyzika plazmy  |2 konspekt 
080 |a 533.9  |2 2001 
080 |a (062.534)  |2 2001 
111 2 |a Symposium on Application of Plasma Processes  |n (17. :  |d 2009 :  |c Liptovský Ján, Slovensko)  |9 324916 
245 1 0 |a 17th Symposium on Application of Plasma Processes SAPP  |b Visegrad workshop on Research of Plasma Physics : book of contributed papers : Liptovsky Ján, Slovakia : January, 17-22, 2009 : Visegrad Fund  |c edited by P. Papp ... [et al.] 
246 3 |a Seventeenth Symposium on Application of Plasma Processes 
250 |a 1st issue 
260 |a Bratislava  |b Comenius University  |c 2009 
300 |a 280 s.  |b fotogr., grafy, tab.  |c 21 cm 
366 |e 120 pieces 
504 |a Bibliogr. odkazy. Zoz. účastníkov 
546 |a Res. angl. 
650 0 7 |a plazma (fyzika)  |2 SNKPH  |9 84914 
655 7 |a zborníky konferencií  |2 SNKPH  |9 70153 
700 1 |a Papp, P.  |4 edt  |9 314252 
919 |a 978-80-89186-45-7 
958 |a OND 
958 |a NB 
968 |d 53+54 
999 |c 574986  |d 576916 
952 |a SNK  |b SNK  |y PREZ  |7 0  |p 17A0653804  |o snkSC 139871  |i snk2010/7779  |8 0  |0 0  |1 0  |4 0  |d 2010-04-19  |l 0  |r 2025-07-08 00:00:00  |w 2026-02-23 
952 |a SNK  |b SNK  |y VYP  |7 0  |p 17A0653803  |o snkSC 139871 D1  |i snk2010/7780  |8 0  |0 0  |1 0  |4 0  |d 2010-04-19  |f 1  |l 0  |r 2026-02-23 14:29:38  |w 2026-02-23